| 000 | 00693nam a2200205 i 4500 | ||
|---|---|---|---|
| 001 | 141108 | ||
| 003 | ES-MaACL | ||
| 005 | 20230906200225.0 | ||
| 007 | t| | ||
| 008 | 070919s1967 sp ||||1| baq d | ||
| 100 | 1 |
_aYure, Julián A. de. _9117741 |
|
| 245 | 1 | 0 |
_aII-Garen Batikano Batzara / _cYure'tar Yulen A. |
| 260 |
_aVitoria : _bSeminario Vitoria Esett, _c1967. |
||
| 300 |
_a1 v. ; _c18 cm. |
||
| 500 | _aEs el vol. II. | ||
| 505 | 8 | _aContiene: 2. 2-garen, 3-garen ta 4-garen aldiak : 6-garen Paul Aita Santuak yarraitu ta amaituak (354 p.) | |
| 600 | 0 | 4 |
_aJuan _bXIII _cPapa, Santo. _967136 |
| 600 | 1 | 4 |
_aPablo _bVI _cPapa, Santo. _9168351 |
| 852 |
_aES-MaACL _jP-1216 _bR.63356 |
||
| 999 |
_c141108 _d141108 |
||